000 00322nam a2200133Ia 4500
100 _aC-DAC
650 _aInformation technology
490 _v01-Mar
942 _cRB
654 _aInformation Technology
245 _aInformation technology in Marathi
260 _bTata McGraw Hill
_aNew Delhi
_c1999
546 _aENGLISH
999 _c18896
_d18896